[Event "Teusaquillo Rapid op"]
[Site "Teusaquillo"]
[Date "2023.03.05"]
[Round "9"]
[White "Gallo, Marco"]
[Black "Ceballos, Diego"]
[Result "1/2-1/2"]
[WhiteElo "1558"]
[BlackElo "1793"]
[PlyCount "139"]
[EventDate "2023.03.04"]
[EventType "swiss (rapid)"]
[EventRounds "9"]
[EventCountry "COL"]
[SourceTitle "CBM 213 Extra"]
[Source "ChessBase"]
[SourceDate "2023.05.31"]
[SourceVersion "1"]
[SourceVersionDate "2023.05.31"]
[SourceQuality "1"]

1. Nf3 e6 2. g3 c5 3. Bg2 Na6 4. 0-0 f5 5. d4 Nf6 6. c4 Be7 7. Nc3 0-0 8. d5 d6 9. dxe6 Nc7 10. Nd5 Bxe6 11. Nxe7+ Qxe7 12. b3 h6 13. Nh4 Qd7 14. Bxb7 Rad8 15. Ba3 g5 16. Ng2 Rb8 17. Bf3 g4 18. Bd5 Ncxd5 19. cxd5 Bxd5 20. Bb2 Bxg2 21. Kxg2 Qc6+ 22. Kg1 Rbd8 23. Qd2 Kh7 24. Qd3 Qe4 25. Rad1 Kg6 26. Rd2 Rfe8 27. Qc3 Qe7 28. Qxf6+ Qxf6 29. Bxf6 Kxf6 30. Rfd1 Re6 31. e3 h5 32. Rd5 c4 33. bxc4 Rc8 34. Rxd6 Rxc4 35. R6d4 Rxd4 36. Rxd4 Ra6 37. a4 Ke5 38. Kf1 Rb6 39. Rd7 Ra6 40. Rd4 Rb6 41. Kg2 a5 42. h3 Rb4 43. Rf4 Rxf4 44. gxf4+ Ke4 45. Kg3 gxh3 46. Kxh3 Kf3 47. Kh4 Kxf2 48. e4 fxe4 49. f5 e3 50. f6 e2 51. f7 e1Q 52. f8Q+ Ke3+ 53. Kxh5 Qd1+ 54. Kg5 Qg1+ 55. Kh6 Qh1+ 56. Kg5 Qg2+ 57. Kh6 Qh3+ 58. Kg5 Qg3+ 59. Kh5 Qf3+ 60. Qxf3+ Kxf3 61. Kh4 Kf4 62. Kh3 Ke5 63. Kg3 Kd4 64. Kf3 Kc4 65. Ke3 Kb4 66. Kd4 Kxa4 67. Kc4 Ka3 68. Kc3 Ka2 69. Kc2 a4 70. Kc1 1/2-1/2

[Event "COL-ch Blitz"]
[Site "Villavicencio"]
[Date "2021.11.15"]
[Round "2"]
[White "Pardo, Alejandro"]
[Black "Ceballos, Diego"]
[Result "1-0"]
[WhiteElo "2327"]
[BlackElo "1986"]
[PlyCount "69"]
[EventDate "2021.11.15"]
[EventType "swiss (blitz)"]
[EventRounds "13"]
[EventCountry "COL"]
[SourceTitle "CBM 205 Extra"]
[Source "ChessBase"]
[SourceDate "2022.01.31"]
[SourceVersion "1"]
[SourceVersionDate "2022.01.31"]
[SourceQuality "1"]

1. d4 e6 2. Nf3 c5 3. e3 Na6 4. a3 Nc7 5. Bd3 f5 6. 0-0 Nf6 7. b3 Be7 8. Bb2 0-0 9. Nbd2 b6 10. Re1 Bb7 11. e4 fxe4 12. Nxe4 d5 13. Neg5 Qd6 14. Qe2 Rae8 15. dxc5 bxc5 16. Be5 Qc6 17. Bxc7 Qxc7 18. Qxe6+ Kh8 19. Nf7+ Rxf7 20. Qxf7 Qd8 21. Ng5 Ne4 22. Ne6 Bf6 23. Nxd8 Rxd8 24. Bxe4 dxe4 25. Qxb7 h6 26. Rad1 Re8 27. Rxe4 Rf8 28. Qxa7 Bd4 29. Rexd4 cxd4 30. Qxd4 Rc8 31. Qd8+ Rxd8 32. Rxd8+ Kh7 33. a4 Kg6 34. a5 Kf6 35. a6 1-0

[Event "Bogota El Tablazo op"]
[Site "Bogota"]
[Date "2021.11.06"]
[Round "4"]
[White "Ceballos, Diego"]
[Black "Ballesteros Diaz, Jefree Daniel"]
[Result "1-0"]
[WhiteElo "1877"]
[BlackElo "1685"]
[PlyCount "77"]
[EventDate "2021.11.04"]
[EventType "swiss"]
[EventRounds "7"]
[EventCountry "COL"]
[SourceTitle "CBM 205 Extra"]
[Source "ChessBase"]
[SourceDate "2022.01.31"]
[SourceVersion "1"]
[SourceVersionDate "2022.01.31"]
[SourceQuality "1"]

1. d4 Nf6 2. c4 e6 3. Nf3 d5 4. cxd5 exd5 5. Nc3 Bb4 6. Bg5 h6 7. Bh4 0-0 8. Qb3 Bxc3+ 9. bxc3 c6 10. e3 Nbd7 11. Bd3 Re8 12. 0-0 b5 13. a4 Ba6 14. axb5 Bxb5 15. Bxb5 Rb8 16. Rxa7 Rxb5 17. Qa3 Qb8 18. Bg3 Qd8 19. Qd6 Qb6 20. Rxd7 Nxd7 21. Qxd7 Rd8 22. Qc7 Ra8 23. Qxb6 Rxb6 24. Bd6 Rb3 25. Bb4 f6 26. e4 dxe4 27. Nd2 Rb2 28. Nxe4 Raa2 29. Nd6 h5 30. Nc4 Re2 31. Na5 Re6 32. Nb7 g5 33. Nd8 Ree2 34. Nxc6 Kg7 35. d5 h4 36. d6 g4 37. d7 g3 38. hxg3 hxg3 39. d8Q 1-0

[Event "Bogota El Tablazo op"]
[Site "Bogota"]
[Date "2021.11.05"]
[Round "2"]
[White "Ceballos, Diego"]
[Black "Penas Burgos, Nestor"]
[Result "1-0"]
[WhiteElo "1877"]
[BlackElo "1602"]
[PlyCount "49"]
[EventDate "2021.11.04"]
[EventType "swiss"]
[EventRounds "7"]
[EventCountry "COL"]
[SourceTitle "CBM 205 Extra"]
[Source "ChessBase"]
[SourceDate "2022.01.31"]
[SourceVersion "1"]
[SourceVersionDate "2022.01.31"]
[SourceQuality "1"]

1. d4 Nf6 2. Nf3 d6 3. g3 Nbd7 4. Bg2 g6 5. 0-0 Bg7 6. c4 0-0 7. Nc3 c5 8. e4 cxd4 9. Nxd4 a6 10. b3 Ne5 11. h3 Bd7 12. Bb2 Qc8 13. Kh2 h5 14. f4 Neg4+ 15. hxg4 Nxg4+ 16. Kg1 Ne3 17. Qd2 Nxf1 18. Rxf1 Qc5 19. e5 dxe5 20. fxe5 Bxe5 21. Ne4 Qa7 22. Kh1 Bc6 23. Nxc6 bxc6 24. Bxe5 Rad8 25. Qh6 1-0

[Event "Santiago de Cali op"]
[Site "Cali"]
[Date "2016.12.27"]
[Round "4"]
[White "Lopez Rayo, Isabella"]
[Black "Ceballos, Diego"]
[Result "0-1"]
[WhiteElo "1372"]
[BlackElo "1897"]
[PlyCount "32"]
[EventDate "2016.12.26"]
[EventType "swiss"]
[EventRounds "8"]
[EventCountry "COL"]
[SourceTitle "EXT 2018"]
[Source "ChessBase"]
[SourceDate "2017.10.13"]
[SourceVersion "1"]
[SourceVersionDate "2017.10.13"]
[SourceQuality "1"]

1. e4 e6 2. d4 c5 3. Nf3 Na6 4. Bd3 cxd4 5. Nxd4 Nf6 6. Nc3 Nc7 7. Bc4 Bb4 8. Qf3 0-0 9. 0-0 Bxc3 10. bxc3 d5 11. exd5 exd5 12. Bb3 Bg4 13. Qg3 Qe7 14. h3 Bh5 15. Qh4 Bg6 16. Qf4 Rac8 0-1

[Event "Lima zt 2.4 "]
[Site "Lima"]
[Date "2015.05.07"]
[Round "5"]
[White "Ceballos, Diego"]
[Black "Ochoa Rivera, Henry Fernando"]
[Result "1-0"]
[WhiteElo "1988"]
[BlackElo "1345"]
[PlyCount "77"]
[EventDate "2015.05.04"]
[EventType "swiss"]
[EventRounds "9"]
[EventCountry "PER"]
[SourceTitle "CBM 166 Extra"]
[Source "ChessBase"]
[SourceDate "2015.06.18"]
[SourceVersion "1"]
[SourceVersionDate "2015.06.18"]
[SourceQuality "1"]

1. d4 Nf6 2. Nf3 g6 3. g3 Bg7 4. Bg2 d5 5. 0-0 0-0 6. Re1 Nc6 7. c4 e6 8. a3 Ne7 9. b4 c6 10. Bb2 dxc4 11. Ne5 b5 12. Nxc6 Nxc6 13. Bxc6 Rb8 14. Nc3 a6 15. a4 Bd7 16. axb5 axb5 17. Bg2 Qc7 18. e4 Bc6 19. Re2 Rfd8 20. Bc1 Ne8 21. Be3 Qb7 22. Ra5 Nd6 23. Qc2 Ne8 24. Rd2 Nf6 25. Bg5 h6 26. Bxf6 Bxf6 27. e5 Bxg2 28. Rxb5 Qf3 29. Qd1 Qxc3 30. Rxb8 Rxb8 31. Kxg2 Be7 32. d5 Qxe5 33. d6 Bf6 34. d7 Rd8 35. Re2 Qd5+ 36. Qxd5 exd5 37. Re8+ Rxe8 38. dxe8Q+ Kh7 39. Qxf7+ 1-0

[Event "Lima zt 2.4 "]
[Site "Lima"]
[Date "2015.05.06"]
[Round "3"]
[White "Ceballos, Diego"]
[Black "Diaz Moscol, Jose"]
[Result "1/2-1/2"]
[WhiteElo "1988"]
[BlackElo "1591"]
[PlyCount "84"]
[EventDate "2015.05.04"]
[EventType "swiss"]
[EventRounds "9"]
[EventCountry "PER"]
[SourceTitle "CBM 166 Extra"]
[Source "ChessBase"]
[SourceDate "2015.06.18"]
[SourceVersion "1"]
[SourceVersionDate "2015.06.18"]
[SourceQuality "1"]

1. d4 e6 2. Nf3 Nf6 3. c4 d5 4. g3 Be7 5. Bg2 0-0 6. 0-0 c5 7. Nbd2 Nc6 8. dxc5 Bxc5 9. a3 a5 10. b3 Qe7 11. Bb2 Rd8 12. Qc2 h6 13. Rfe1 b6 14. e4 dxc4 15. Nxc4 Ng4 16. Re2 Ba6 17. h3 Bxc4 18. Qxc4 Nf6 19. Kh2 Rac8 20. Qb5 e5 21. b4 axb4 22. axb4 Nd4 23. Bxd4 Bxd4 24. Rd1 Bc3 25. Rxd8+ Rxd8 26. Qxb6 Bxb4 27. Nxe5 Bc5 28. Nc6 Bxb6 29. Nxe7+ Kh8 30. Nd5 Bd4 31. Rd2 Be5 32. Nxf6 Bxf6 33. Rxd8+ Bxd8 34. e5 g5 35. f4 Bc7 36. Be4 Kg7 37. Kg2 gxf4 38. gxf4 f6 39. exf6+ Kxf6 40. Kf3 Bb6 41. h4 h5 42. Bc6 Ba5 1/2-1/2